[Event "Worldchess Armageddon 2019"]
[Site "Moscow"]
[Date "2019.06.11"]
[Round "4.1"]
[White "Gelfand, Boris"]
[Black "Radjabov, Teimour"]
[Result "0-1"]
[WhiteElo "2676"]
[BlackElo "2759"]
[Annotator "TA"]
[PlyCount "106"]
[EventDate "2019.06.10"]
[EventCountry "RUS"]
[SourceTitle "playchess.com"]
[Source "ChessBase"]
[SourceQuality "1"]

{[%evp 13,106,23,64,52,61,55,65,62,71,70,87,90,75,60,84,66,77,46,60,46,90,78,112,89,94,82,112,92,100,94,89,70,108,108,103,74,144,156,143,150,136,67,83,79,82,73,75,80,79,83,72,86,83,58,125,131,123,125,147,156,362,102,117,0,0,0,0,0,0,0,0,0,0,0,0,0,0,0,672,662,647,0,0,0,0,-1145,-1103,-268,-966,-950,-891,-1044,-1058,-29998,-29999]} 1. c4 Nf6 2. Nc3 Nc6 3. d4 e6 4. Nf3 d5 5. Bg5 Be7 6. e3 O-O 7. a3 a6 8. Qc2 {D53: Queen's Gambit Declined: 4 Bg5 Be7: Early deviations} h6 9. Bh4 Re8 (9... dxc4 10. Bxc4 b5 11. Be2 Bb7 12. O-O Nd7 13. Bg3 Rc8 14. Rfd1 Bd6 15. Rac1 Ne7 {½-½ (53) Indjic,A (2519)-Tosic,M (2412) Vrnjacka Banja 2013}) 10. Rd1 $146 {White is slightly better.} ({Predecessor:} 10. Bd3 dxc4 11. Bxc4 b5 12. Be2 Bb7 {½-½ (56) Brienza,A (1920)-Rodrigues,N (2063) Sao Paulo 2016}) 10... Rb8 11. Be2 dxc4 12. Bxc4 b5 13. Bd3 Bb7 14. Bxf6 Bxf6 15. Ne4 Be7 16. O-O Qd5 17. Ned2 Qd7 18. Rc1 Bd6 19. Bh7+ Kh8 {With the idea ...g6.} 20. Be4 {[%cal Re4c6]} Ne7 21. Bxb7 Rxb7 22. Ne4 b4 23. Nc5 Bxc5 24. Qxc5 Nd5 (24... bxa3 $142 25. Ne5 (25. bxa3 Qd5 $14) (25. Qxa3 f6 $14) 25... Qb5 26. Qxa3 (26. Nxf7+ Kg8 $17) 26... Kg8) 25. Ne5 $16 Qe7 26. Qxe7 Rxe7 27. Rc4 ({White should try} 27. a4 $16) 27... bxa3 $14 28. bxa3 Kh7 29. g3 f6 30. Nc6 Rd7 31. Rfc1 Rb3 32. a4 {[%cal Ba3a4,Ba4a5][%mdl 32]} Nb6 33. Rb4 Ra3 (33... Rxb4 $14 34. Nxb4 a5) 34. a5 $16 Nd5 35. Rb7 h5 36. h4 Ra2 $2 (36... Kh6 $16 {was called for.} 37. Ra7 Rd6) 37. e4 $2 (37. Nb8 $18 {is the precise move to win.} Re7 38. e4 (38. Nxa6 Rxa5 39. Rc6 e5 $16)) 37... Ne7 38. Nb8 (38. Nb4 $1 $16 {[%cal Rb4a2]} Rxa5 39. Rcxc7 Rxc7 40. Rxc7 Ra1+ 41. Kg2) 38... Rxd4 $11 39. Rcxc7 Rd1+ 40. Kg2 Rdd2 41. Rxe7 Rxf2+ 42. Kg1 Rg2+ {[%mdl 64] Double Attack} 43. Kf1 Rxg3 44. Nd7 Kh6 45. Rb8 {White wants to mate with Rh8+.} Kh7 $2 {[%mdl 8192]} (45... Rf3+ $11 46. Ke1 Re3+ {[%mdl 64] Double Attack} 47. Kd1 Rxe4 48. Rh8+ Kg6 49. Nf8+ {[%mdl 64] Double Attack} Kf5 50. Rxh5+ g5 51. hxg5 fxg5) 46. Nxf6+ $1 $18 {[%mdl 64] Double Attack} Kg6 {[#] aiming for ...Rc3.} 47. Ne8 $2 ({White must play} 47. Rxg7+ $1 $18 {[%mdl 512]} Kxg7 48. Nxh5+ {[%mdl 64] Double Attack} Kg6 49. Nxg3) 47... Rf3+ $11 48. Ke1 Re3+ {[%mdl 64] Double Attack} 49. Kd1 $2 {[%mdl 8192] [#]} (49. Kf1 $11 Rf3+ 50. Kg1 Rg3+ 51. Kh1 (51. Kf1 Rf3+ $11) 51... Rh3+ {[%mdl 64] Double Attack} 52. Kg1 Rg3+ 53. Kh1 (53. Kf1 Rf3+ $11) 53... Rh3+ {[%mdl 64] Double Attack} 54. Kg1 Rg3+) 49... Rh3 $1 $19 {[%cal Rh3h1]} 50. Rxg7+ {[#]} Kh6 $1 {[%mdl 512] ( -> ...Rh1+)} 51. Rg1 Ra1+ 52. Kd2 Rxg1 53. Rb6 Rg2+ 0-1

[Event "Worldchess Armageddon 2019"]
[Site "Moscow"]
[Date "2019.06.11"]
[Round "4.2"]
[White "Radjabov, Teimour"]
[Black "Gelfand, Boris"]
[Result "1/2-1/2"]
[WhiteElo "2759"]
[BlackElo "2676"]
[Annotator "TA"]
[PlyCount "129"]
[EventDate "2019.06.10"]
[EventCountry "RUS"]
[SourceTitle "playchess.com"]
[Source "ChessBase"]
[SourceQuality "1"]

{[%evp 16,129,10,4,9,0,4,0,19,-6,19,0,7,21,32,0,29,27,35,14,31,4,36,44,43,50,47,18,34,16,37,25,60,26,83,44,54,46,185,190,182,164,164,187,257,261,230,64,87,68,75,40,53,0,73,69,68,75,81,89,116,116,111,116,145,152,134,131,167,162,344,337,321,295,298,8,8,8,10,0,0,0,0,0,0,0,0,0,0,0,0,0,0,0,0,0,0,0,0,0,0,0,0,0,0,0,0,0,0,0,0,0,0,0,0,0]} 1. d4 Nf6 2. c4 e6 3. Nf3 b6 4. g3 Ba6 5. b3 Bb4+ 6. Bd2 Be7 7. Bg2 O-O 8. O-O d5 9. Ne5 c5 {E15: Queen's Indian: 4 g3 sidelines, 4 g3 Ba6 and 4 g3 Bb7 early deviations} (9... Bb7 10. Nc3 Nbd7 11. Bf4 c5 12. cxd5 exd5 13. Rc1 Re8 14. Nc4 Nf8 15. dxc5 Bxc5 16. Bg5 Ne6 17. Bxd5 Bxd5 18. Bxf6 Qxf6 19. Nxd5 Qg6 20. b4 Bd4 {1-0 (29) Kempinski,R (2586)-Kryvoruchko,Y (2703) Gorzow Wielkopolski 2014}) 10. Bc3 Bb7 11. Nd2 Na6 12. Rc1 Re8 $146 ({Predecessor:} 12... cxd4 13. Bxd4 Ba3 14. Rb1 Rc8 15. cxd5 Bxd5 16. Ndc4 Bxg2 17. Kxg2 Be7 {0-1 (42) Fuhrmann,M (2059)-Friedman,J (2195) Parsippany 2004}) 13. e3 cxd4 14. Bxd4 Ba3 15. Rb1 Bf8 16. Qe2 Nb4 17. Rfd1 Rc8 18. Ndf3 Ne4 19. a3 Na6 20. cxd5 exd5 21. b4 Nc7 22. Nd2 $36 {[%mdl 2048] White fights for an advantage.} Qe7 23. Ba1 Qe6 24. a4 Na6 (24... Qf5 $11 {remains equal.}) 25. Nd3 Bd6 26. Nf3 {[%cal Bd2f3,Bf3d4,Bd4b5,Bb5d6][%mdl 32]} Nc3 (26... f6 $14) 27. Bxc3 $1 $18 Rxc3 28. Nd4 Qf6 {White must now prevent ...Qxd4!} 29. Nb5 $1 Rc4 (29... Rcc8 $142 30. Nxa7 Rc4) 30. Nxd6 (30. Nxa7 Nc7 $14) 30... Qxd6 {[#]} 31. Qd2 $2 (31. Nc5 $1 $18 {[%cal Rc5b7][%mdl 512]} bxc5 (31... Nxc5 32. Qxc4) 32. Qxc4 $1 {[%mdl 512]} Nxb4 33. Rbc1) 31... Rd8 32. h4 Qe7 33. Qb2 h6 34. Rd2 ({White should play} 34. a5 $14) 34... Rcc8 (34... d4 $11 {keeps the balance.} 35. Bxb7 Qxb7) 35. b5 Nc5 36. Nxc5 Rxc5 37. Rbd1 Rdc8 38. Bxd5 Bxd5 39. Rxd5 Rc2 40. Qe5 Qxe5 41. Rxe5 $16 {[%mdl 4096] Endgame KRR-KRR} Ra2 42. Re4 g6 $2 {[#]} (42... Rc7 {might work better.} 43. Rd8+ Kh7) 43. Rd7 $1 $18 g5 44. hxg5 ({Not} 44. Rxa7 Rcc2 $11) 44... hxg5 {intending ...Rcc2.} 45. Kg2 $2 ({Weaker is} 45. Rxa7 Rcc2 $16) (45. Re5 $18) 45... Rcc2 $11 {The position is equal.} 46. Kh3 {Strongly threatening f4.} Rxf2 47. Re5 (47. Re8+ {seems wilder.} Kg7 48. Rxa7 Kg6 49. e4 Kh5 50. Rh8+) 47... Rxa4 48. Rxg5+ Kf8 49. Rh5 Kg7 50. Rg5+ Kf6 51. Rg4 Raa2 {[%csl Ga2][%cal Rf2h2]} 52. Rf4+ Rxf4 53. exf4 {KR-KR} Ke6 54. Rb7 f5 55. Kh4 Kf6 {[%cal Ra2h2]} 56. Kh3 Ra5 57. Kh4 Rxb5 58. Rxa7 Rb1 {[%cal Rb1h1]} 59. Kh3 Kg6 60. g4 fxg4+ 61. Kxg4 b5 62. Ra6+ Kg7 63. Rb6 b4 64. Kg3 b3 65. Kg2 {Accuracy: White = 47%, Black = 41%.} 1/2-1/2

[Event "Worldchess Armageddon 2019"]
[Site "Moscow"]
[Date "2019.06.12"]
[Round "5.1"]
[White "Dubov, Daniil"]
[Black "Inarkiev, Ernesto"]
[Result "1/2-1/2"]
[WhiteElo "2700"]
[BlackElo "2693"]
[Annotator "TA"]
[PlyCount "132"]
[EventDate "2019.06.10"]
[EventCountry "RUS"]
[SourceTitle "playchess.com"]
[Source "ChessBase"]
[SourceQuality "1"]

{[%evp 9,132,-19,-27,-11,-11,-12,-23,-37,-26,-4,-22,0,116,116,91,103,76,77,95,100,94,38,50,-20,243,153,185,0,0,-123,-30,-60,-8,-387,-54,-106,-105,-124,-119,-119,-123,-118,-108,-113,-121,-177,-185,-192,-184,-198,-195,-221,-224,-226,-193,-185,-191,-191,-197,-208,-166,-162,-145,-146,-39,-39,0,-39,-19,-19,-19,-65,0,-80,-80,-152,-152,-152,-108,-108,-108,-133,-97,-126,-126,-122,0,-55,-41,-70,-28,-27,-8,-32,-8,-8,-8,-19,-15,-16,-16,-39,-35,-35,-35,-35,-36,-35,-16,-28,0,-39,-39,-41,-9,-12,-9,-41,-41,-45,0,-45,-45,-31,0]} 1. Nf3 d5 2. c4 c6 3. d4 Nf6 4. Nc3 dxc4 5. e4 b5 $1 6. Be2 {D15: Slav Defence: 4 Nc3 a6 and gambit lines after 4 Nc3 dxc4} e6 7. O-O Bb7 (7... Be7 8. a4 b4 9. e5 Nd5 10. Ne4 Ba6 11. Bd2 Qa5 12. Rc1 Nd7 13. Bxc4 Bxc4 14. Rxc4 {½-½ (39) Salem,A (2672)-Shankland,S (2725) chess.com INT 2019}) 8. Rb1 {Black has an edge.} Nbd7 9. b3 $146 ({Predecessor:} 9. Qc2 Be7 10. b3 b4 11. bxc4 bxc3 12. Rxb7 Qa5 13. e5 Ng8 14. Rb3 Bd8 15. Rxc3 Ne7 16. Rb3 O-O 17. Bd3 g6 18. Bh6 Re8 19. Rb7 Nb6 20. c5 {1-0 (20) Lacunza,M (1780)-Stadler,P (1341) LSS email 2012}) 9... Bb4 10. Qc2 O-O (10... Bxc3 $11 11. Qxc3 cxb3 12. Qxb3 Nxe4) 11. e5 $1 $16 {[%cal Re5f6]} Bxc3 12. exf6 b4 13. fxg7 Kxg7 14. bxc4 c5 15. d5 (15. Ng5 $16 Nf6 16. dxc5) 15... exd5 $14 16. Qf5 (16. cxd5 $14 Qf6 17. Rd1) 16... h6 $2 {[%mdl 8192]} (16... Re8 $11 {and Black has nothing to worry.} 17. Bd3 Nf8) 17. Bd3 {White wants to mate with Bxh6+!} ({Don't play} 17. cxd5 $6 Nf6 $16) 17... Rh8 18. cxd5 $2 (18. Bf4 $1 $18 {Threatens to win with Qg4+.} Nf6 19. Qh3) 18... Nf6 $11 19. Bc4 (19. Qh3 $11 Qxd5 20. Rd1) 19... Qd7 (19... Bxd5 $17 20. Bxd5 Qxd5) 20. Qf4 Qg4 (20... Bxd5 $15 21. Rd1 Qe6) 21. d6 $2 {[%mdl 8192]} (21. Qxg4+ $11 Nxg4 22. Be3) 21... Rad8 $2 (21... Bxf3 $1 $19 22. Qxf3 Qxc4) 22. Qxg4+ (22. Nh4 $15) 22... Nxg4 $17 23. Bf4 Bxf3 $1 24. gxf3 Ne5 $36 {[%mdl 2048] Black has strong initiative.} 25. Bxe5+ Bxe5 26. Rfe1 Kf6 27. a3 (27. Rbd1 $17 {was called for.}) 27... a5 $19 {[%cal Ba7a5,Ba5b4][%mdl 32]} ({Don't take} 27... bxa3 28. Rb7 $15) 28. axb4 axb4 29. f4 Bxf4 30. Re4 Bxd6 31. Rb3 Rhg8+ 32. Kf1 {intending Rf3+.} Rg5 33. Rh3 Kg7 34. Rf3 Rd7 35. h4 Rg6 36. Rf5 Bf8 (36... Kf8 $17 {...Kg7 is the strong threat.} 37. f3 Rc7) 37. Ref4 $15 {[%cal Rf5f7]} Bd6 38. Rxf7+ (38. Re4 {seems wilder.}) 38... Rxf7 39. Rxf7+ $11 {[%mdl 4096] Endgame KRB-KRB} Kh8 {Strongly threatening ...Rg4.} 40. Rd7 Be5 ({Black should try} 40... Rf6 $15) 41. Rd5 (41. Rd8+ $11 {remains equal.} Kg7 42. Rd7+ Kh8 43. Rd8+ Kg7 44. Rd7+ Kh8) 41... Bd4 $17 42. Ke2 (42. Rf5 $142) 42... Re6+ 43. Kf3 Rf6+ 44. Kg4 Kg7 $1 45. Rd7+ Kf8 46. f4 {[#]} Rb6 $1 47. Bb3 {[#]} Ke8 (47... Rg6+ $1 $17 48. Kf3 Ra6) 48. Ra7 (48. Ba4 $11 Kf8 49. Bb3) 48... Rg6+ $15 49. Kf5 Rf6+ (49... Rg3 $5 {[%cal Rg3b3]} 50. Bf7+ Kd8 $15) 50. Ke4 Kd8 51. Bc4 Bf2 52. h5 Bd4 53. f5 Rb6 {White must now prevent ...b3.} 54. Bb3 Rd6 55. Be6 Bf6 {Hoping for ...Rd4+.} 56. Rf7 Rd4+ 57. Kf3 Bg5 {And now ...b3! would win.} 58. Rb7 Ke8 59. Ke2 Kd8 60. Kf3 Rf4+ 61. Ke2 Re4+ 62. Kd3 Rd4+ 63. Ke2 Be7 64. Kf3 Bg5 65. Ke2 Rd2+ 66. Kf3 Rd4 {Accuracy: White = 37%, Black = 49%.} 1/2-1/2

[Event "Worldchess Armageddon 2019"]
[Site "Moscow"]
[Date "2019.06.12"]
[Round "5.2"]
[White "Inarkiev, Ernesto"]
[Black "Dubov, Daniil"]
[Result "0-1"]
[WhiteElo "2693"]
[BlackElo "2700"]
[Annotator "ChessBase"]
[PlyCount "102"]
[EventDate "2019.06.10"]
[EventCountry "RUS"]
[SourceTitle "playchess.com"]
[Source "ChessBase"]
[SourceQuality "1"]
[TimeControl "180+2"]

1. e4 c5 2. Nf3 Nc6 3. d4 cxd4 4. Nxd4 e5 5. Nb5 d6 6. N1c3 a6 7. Na3 b5 8. Nd5 Nge7 9. c4 Nxd5 10. cxd5 Nd4 11. Be3 Be7 12. Bxd4 exd4 13. Bd3 O-O 14. O-O Bf6 15. Nc2 Bd7 16. Qe2 Rc8 17. Nb4 Qb6 18. f4 Rfe8 19. Kh1 a5 20. Nc6 b4 21. Rac1 Bxc6 22. dxc6 Rxc6 23. Rxc6 Qxc6 24. e5 Qc7 25. Bxh7+ Kxh7 26. Qd3+ Kg8 27. exf6 Qc5 28. Qg3 g6 29. Qg5 Qxg5 30. fxg5 d3 31. Kg1 Re2 32. Rd1 Rxb2 33. Rxd3 Rxa2 34. h4 a4 35. Kh2 b3 36. Rxd6 b2 37. Rb6 a3 38. Rb8+ Kh7 39. Rb7 Ra1 40. Rxf7+ Kg8 41. Rg7+ Kf8 42. h5 b1=Q 43. hxg6 Qg1+ 44. Kg3 Qe3+ 45. Kg4 Qe4+ 46. Kg3 Qe5+ 47. Kg4 Qe4+ 48. Kg3 Rf1 49. Rf7+ Ke8 50. Re7+ Qxe7 51. fxe7 Kxe7 0-1

[Event "Worldchess Armageddon 2019"]
[Site "Moscow"]
[Date "2019.06.12"]
[Round "6.1"]
[White "Wei, Yi"]
[Black "Gelfand, Boris"]
[Result "1/2-1/2"]
[WhiteElo "2741"]
[BlackElo "2676"]
[Annotator "TA"]
[PlyCount "97"]
[EventDate "2019.06.10"]
[EventCountry "RUS"]
[SourceTitle "playchess.com"]
[Source "ChessBase"]
[SourceQuality "1"]

{[%evp 13,97,10,18,2,8,-1,-3,-72,-81,-74,-75,-74,-68,-95,-44,-27,-6,-6,-6,-10,-8,-8,-6,-9,-13,-14,-12,-14,0,0,0,4,105,0,0,0,0,0,0,0,0,0,0,0,0,0,0,-5,0,0,0,0,0,0,0,0,0,0,0,0,0,0,19,0,0,0,55,30,33,0,7,0,0,0,0,0,0,0,0,0,0,0,0,0,0,0]} 1. d4 Nf6 2. c4 e6 3. g3 Bb4+ 4. Nd2 c5 5. a3 Bxd2+ 6. Qxd2 cxd4 7. Nf3 Nc6 8. Nxd4 {E00: Catalan Bogo-Indian (3 g3 Bb4+)} Na5 9. Qc2 $146 ({Predecessor:} 9. Qd3 d5 10. cxd5 Qxd5 11. Qb5+ Qxb5 12. Nxb5 O-O 13. Bg5 Bd7 14. Nc3 Bc6 15. f3 Nb3 {1-0 (44) Baryshpolets,A (2592)-Matsenko,S (2546) Costa Mesa 2017}) 9... d5 10. cxd5 (10. c5 $11) 10... Qxd5 $17 {[%mdl 64] [#] Double Attack} 11. Nf3 Nb3 12. Rb1 Bd7 {Threatens to win with ...Rc8.} 13. Bd2 Nxd2 ({Better is} 13... Bc6 $17 {Hoping for ...Qe4.} 14. Rd1 Nd4 15. Nxd4 Qxh1 16. Nxc6 Qxc6 17. Qxc6+ bxc6) 14. Qxd2 $15 Bc6 {Black wants to play ...Qxd2+.} 15. Qxd5 Bxd5 16. Bg2 Rc8 17. O-O Ke7 18. Rbc1 Rhd8 19. Rfe1 Be4 20. Ne5 Rxc1 (20... Bxg2 {is interesting.} 21. Kxg2 Ne4 22. Nc4 Rd7 23. Ne3 Rdc7) 21. Rxc1 Bxg2 22. Kxg2 $11 {[%mdl 4096] Endgame KRN-KRN} Rd2 (22... Ne8 $11) 23. Nc4 (23. Nd3 $16) 23... Rd5 24. Ne3 Rd7 25. Kf1 Ne4 26. Ke1 Nd6 27. f3 g5 28. Ng4 f6 29. e4 h5 30. Ne3 Nf7 31. Ke2 Ne5 32. Rc8 Rd8 33. Rxd8 (33. Rc5 {is more complex.} Rd7 34. Rc8) 33... Kxd8 {KN-KN} 34. f4 Nc6 35. Kd3 Ke7 36. h4 gxf4 37. gxf4 Kf7 38. Nc4 Ke7 39. b4 b5 (39... Kd7 $11) 40. Nd2 e5 41. Ke3 Nd4 {The position is equal.} 42. fxe5 fxe5 43. Kd3 a6 44. Kc3 Ne2+ 45. Kd3 Nf4+ 46. Kc3 Ne2+ 47. Kd3 Nf4+ 48. Kc3 Ne2+ 49. Kd3 {Accuracy: White = 49%, Black = 62%.} 1/2-1/2

[Event "Worldchess Armageddon 2019"]
[Site "Moscow"]
[Date "2019.06.12"]
[Round "6.2"]
[White "Gelfand, Boris"]
[Black "Wei, Yi"]
[Result "0-1"]
[WhiteElo "2676"]
[BlackElo "2741"]
[Annotator "TA"]
[PlyCount "76"]
[EventDate "2019.06.10"]
[EventCountry "RUS"]
[SourceTitle "playchess.com"]
[Source "ChessBase"]
[SourceQuality "1"]

{[%evp 9,76,11,27,17,9,9,12,11,22,8,27,8,25,21,39,0,66,0,0,0,0,-52,-43,-185,-183,-205,-221,-197,-203,-192,-150,-105,-107,-160,-118,-216,-195,-188,-208,-224,-22,-222,-208,-193,-180,-328,-323,-310,-402,-358,-273,-274,-271,-617,-567,-548,-547,-494,-543,-784,-592,-1142,-1103,-1272,-1157,-1719,-1680,-3078,-3107]} 1. d4 Nf6 2. Nf3 g6 3. Nbd2 d5 4. b4 Bg7 5. e3 O-O 6. Be2 {D02: 1 d4 d5 2 Nf3 sidelines, including 2...Nf6 3 g3 and 2...Nf6 3 Bf4} (6. Bb2 c6 7. c4 Nbd7 8. a4 Ne4 9. cxd5 Nxd2 10. Qxd2 cxd5 11. Bd3 Nf6 12. O-O Ne4 13. Qe2 Nd6 14. Rfc1 Bf5 15. Bxf5 gxf5 {1-0 (47) Sargissian,G (2689)-Kovalev,V (2683) St Petersburg 2018}) 6... a5 7. b5 c5 8. bxc6 {The position is equal.} Nxc6 9. O-O Bf5 10. Bb2 $146 ({Predecessor:} 10. c3 a4 11. Ba3 Qa5 {0-1 (12) Morovic Fernandez,I (2535)-Aguero Jimenez,L (2457) Matanzas 2017}) 10... a4 11. Ba3 Qa5 12. c4 Nb4 ({Black should play} 12... Rfc8 $11) 13. cxd5 ({White should try} 13. Nh4 $14) 13... Nbxd5 $11 14. Nc4 Qa7 15. Rc1 (15. Qe1 $11) 15... Ne4 16. Bd3 (16. Bb2 $15) 16... Nec3 $19 {[%mdl 64] Double Attack} 17. Qd2 Bxd3 18. Qxd3 Nxa2 19. Ra1 Nab4 20. Qd2 Rfc8 21. Rfc1 (21. Rac1 $142 Qa6 22. Nce5 Bxe5 23. Nxe5) 21... Qa6 $36 {[%mdl 2048] Keeping White busy.} 22. Nb2 (22. Nce5 $17 Nc6 23. e4 Nxe5 24. Nxe5) 22... Nc6 $19 23. Nd3 Na5 24. Nc5 {[#]} Qa7 $2 ({Better is} 24... Rxc5 $1 $19 {[%mdl 512]} 25. Rxc5 (25. Bxc5 Nb3) 25... Nb3 {[%mdl 64] Double Attack}) 25. Qd1 $2 {[#]} (25. Qd3 $11) 25... b5 $1 {[%cal Bb7b5,Bb5b4,Bb4c3][%mdl 32]} 26. e4 Nb6 {[%cal Bd5b6,Bb6a4,Ba4c3][%mdl 32]} 27. Bb4 (27. Rcb1 {was worth a try.}) 27... Nc6 28. Bc3 b4 29. Be1 a3 {[%cal Ba4a3,Ba3a2][%mdl 32]} 30. Rcb1 Na4 31. Nb3 $2 (31. Bxb4 Nxb4 32. Rxa3 Bxd4 33. Rxa4 Qxc5 34. Raxb4 Bxf2+ 35. Kh1) 31... Nc3 {Black is clearly winning.} 32. Bxc3 bxc3 33. Rc1 Nb4 34. e5 a2 {White must now prevent ...Bh6.} 35. Qe2 Qa3 36. Nc5 Qb2 37. Qc4 Nc2 38. Nd3 Rxc4 {Accuracy: White = 25%, Black = 73%.} 0-1

[Event "Worldchess Armageddon 2019"]
[Site "Moscow"]
[Date "2019.06.13"]
[Round "7.1"]
[White "Nepomniachtchi, Ian"]
[Black "Karjakin, Sergey"]
[Result "1/2-1/2"]
[WhiteElo "2775"]
[BlackElo "2748"]
[Annotator "TA"]
[PlyCount "115"]
[EventDate "2019.06.10"]
[EventCountry "RUS"]
[SourceTitle "playchess.com"]
[Source "ChessBase"]
[SourceQuality "1"]

{[%evp 18,115,12,7,16,0,14,12,16,0,0,0,9,0,0,0,9,-67,-66,-66,-64,-59,-16,-14,-15,-22,-8,-8,-17,0,-5,-4,0,-14,4,0,0,0,0,0,0,0,0,0,0,-27,0,0,0,0,0,0,0,0,0,0,0,0,0,0,0,-10,-10,-10,-29,-16,-16,-45,-45,-102,-41,-45,-45,-42,-44,-55,0,0,0,-45,-50,-129,-129,-129,-8,-8,0,0,0,0,0,0,0,0,0,0,0,0,0,0]} 1. e4 e5 2. Nf3 Nc6 3. Bb5 Nf6 4. Nc3 Nd4 5. O-O Nxb5 6. Nxb5 c6 7. Nc3 d6 8. d4 Qc7 9. a4 Be7 10. h3 O-O {C48: Four Knights: 4 Bb5, replies other than 4...Bb4} (10... a5 11. b3 O-O 12. Bb2 Nd7 13. Re1 Re8 14. Ne2 Bf8 15. Ng3 g6 16. Qd2 Bg7 17. Rad1 b6 18. Nh2 {1-0 (36) Andreikin,D (2722)-Vidit,S (2707) Hengshui 2019}) 11. Bg5 Re8 12. Qd3 h6 13. Bh4 $146 ({Predecessor:} 13. Be3 b6 14. b4 Bf8 15. b5 c5 16. d5 a5 {½-½ (16) Willemze,T (2405)-Ris,R (2423) Haarlem 2010}) 13... Nh5 14. Bxe7 Qxe7 15. Rfd1 Nf4 16. Qe3 Qf6 17. Ne2 (17. Kh2 $1 $11) 17... Nxe2+ $1 $15 18. Qxe2 exd4 $1 19. Rxd4 d5 20. e5 Qg6 21. Kh2 Bf5 {White should prevent ...Be4.} (21... Be6 {looks sharper.} 22. c3 c5 23. Rd2 Qe4 24. a5 Rad8) 22. Nh4 Qg5 (22... Qh7 {feels hotter.} 23. Nxf5 Qxf5 24. Re1 Rad8 25. c4 dxc4 26. Rxc4 Qd3) 23. Nxf5 Qxf5 24. Re1 Re7 25. f4 Rae8 26. g4 Qd7 27. c4 f6 {...fxe5 is the strong threat.} 28. cxd5 fxe5 29. d6 {[%cal Rf4e5]} ({Don't go for} 29. fxe5 $2 Rxe5 30. Qxe5 Rxe5 $19) 29... exd4 30. dxe7 $11 {[%mdl 4096] Endgame KQR-KQR} d3 31. Qd2 Qd4 32. Kg3 Kf7 33. Qe3 Qxe3+ 34. Rxe3 {KR-KR} d2 35. Rd3 Rxe7 {White must now prevent ...Re3+!} 36. Rxd2 a5 37. f5 Re3+ 38. Kf4 Rb3 39. Rd7+ Kf6 40. Rd6+ Ke7 41. Re6+ Kf7 42. Rd6 Rxb2 43. h4 (43. Rd8 $15) 43... Rb4+ (43... Ke8 $17 {Strongly threatening ...Rb4+.} 44. Rg6 Rb4+ 45. Ke5 Kf7) 44. Kg3 Rxa4 {Threatens to win with ...Re4.} 45. Rd7+ Kf6 {Hoping for ...Rb4.} 46. Rxb7 {[#]} Ra3+ (46... h5 $1 $15 {[%mdl 512]} 47. gxh5 Rb4) 47. Kf4 {White wants to mate with g5+.} Ra4+ 48. Kg3 $1 {[#]} h5 $1 {[%mdl 512]} 49. g5+ (49. gxh5 $15 Rc4 50. Rd7) 49... Kxf5 $17 50. Rxg7 Ra3+ ({Better is} 50... Rg4+ $17 51. Kh3 Rc4 52. Rf7+ Kg6 53. Rf6+ Kg7) 51. Kf2 $11 {The position is equal.} Kg4 52. Rc7 Rf3+ ({Resist} 52... Kxh4 53. g6 $17) 53. Ke2 Rg3 54. Rxc6 Kxh4 55. g6 $1 a4 56. Ra6 a3 57. Kf2 Kh3 58. g7 {Accuracy: White = 57%, Black = 55%.} 1/2-1/2

[Event "Worldchess Armageddon 2019"]
[Site "Moscow"]
[Date "2019.06.13"]
[Round "7.2"]
[White "Karjakin, Sergey"]
[Black "Nepomniachtchi, Ian"]
[Result "0-1"]
[WhiteElo "2748"]
[BlackElo "2775"]
[Annotator "TA"]
[PlyCount "52"]
[EventDate "2019.06.10"]
[EventCountry "RUS"]
[SourceTitle "playchess.com"]
[Source "ChessBase"]
[SourceQuality "1"]

{[%evp 12,52,32,0,16,21,28,13,20,9,16,8,14,22,22,0,12,0,0,0,0,-29,-4,-24,14,0,13,-49,-59,-94,-93,-274,-267,-512,-485,-571,-555,-535,-514,-733,-716,-785,-780]} 1. e4 c5 2. Nf3 d6 3. d4 cxd4 4. Nxd4 Nf6 5. Nc3 a6 6. Bd3 e6 7. a4 Nbd7 {B90: Sicilian Najdorf: Unusual White 6th moves, 6 Be3 Ng4 and 6 Be3 e5} 8. O-O Nc5 9. a5 Be7 {The position is equal.} 10. Be3 O-O 11. f3 $146 ({Predecessor:} 11. f4 e5 12. Nde2 Ng4 13. Bc1 b5 14. Ng3 Nf6 {½-½ (54) Dragicevic,D (2204)-Stocek,J (2557) Canberra 2013}) 11... e5 {Threatens to win with ...d5.} 12. Nb3 Nxd3 13. Qxd3 Be6 14. Rfd1 Rc8 {[%cal Ba8c8,Bc8c4,Bc4b4][%mdl 32]} 15. Bb6 Qd7 16. h3 h6 17. Nc1 Rc4 18. N1e2 Rfc8 19. Rd2 ({Better is} 19. b3 $11 R4c6 20. Rac1) 19... Rb4 $15 {Hoping for ...Bc4.} 20. b3 {[#]} d5 $1 {[%mdl 576] Deflection} 21. exd5 $2 (21. Na2 $17) (21. Nxd5 Nxd5) 21... Bf5 $19 22. Qe3 $2 {[#]} (22. Ne4 Nxe4 23. fxe4 Bxe4 24. Qg3 Rxc2 25. Rxc2 Bxc2 26. Qxe5) 22... Rxb6 $1 {[%mdl 512] Black is clearly winning.} 23. Na4 (23. axb6 Bc5) 23... Rb5 24. c4 Rxa5 25. Qxe5 b5 26. d6 Bd8 0-1